Význam využitia controllingu v zdravotníctve
Využitie controllingu v nemocniciach sa vyznačuje určitými špecifikami, ktoré súvisia so špecifickými vlastnosťami danej organizácie a ňou poskytovanej služby. Samotný controlling sa v nemocniciach na Slovensku nevyužíva alebo sa z neho využívajú len niektoré prvky a nástroje.
Gespeichert in:
| 1. Verfasser: | |
|---|---|
| Format: | Buchkapitel |
| Sprache: | Slowakisch |
| Schlagworte: | |
| Tags: |
Keine Tags, Fügen Sie das erste Tag hinzu!
|
MARC
| LEADER | 00000nla a2200000 4500 | ||
|---|---|---|---|
| 001 | 0179934 | ||
| 005 | 20240522124220.9 | ||
| 041 | 0 | |a slo | |
| 044 | |a SK | ||
| 245 | 1 | 0 | |a Význam využitia controllingu v zdravotníctve |c Lucia Jantošová |
| 520 | |a Využitie controllingu v nemocniciach sa vyznačuje určitými špecifikami, ktoré súvisia so špecifickými vlastnosťami danej organizácie a ňou poskytovanej služby. Samotný controlling sa v nemocniciach na Slovensku nevyužíva alebo sa z neho využívajú len niektoré prvky a nástroje. | ||
| 610 | 2 | 0 | |a zdravotníctvo |
| 610 | 2 | 0 | |a zdravotníctvo verejné |
| 610 | 2 | 0 | |a služby zdravotnícke |
| 610 | 2 | 0 | |a politika zdravotná |
| 610 | 2 | 0 | |a kontroling |
| 610 | 2 | 0 | |a metódy riadenia |
| 100 | 1 | |a Jantošová, Lucia | |